Trang bị điện ô tô máy kéo

Saved in:
Bibliographic Details
Main Author: Đinh, Ngọc Ân
Format: Book
Language:Undetermined
Published: Hà Nội Đại học và Trung học chuyên nghiệp 1980
Subjects:
Tags: Add Tag
No Tags, Be the first to tag this record!
Institutions: Trung tâm Học liệu Trường Đại học Cần Thơ
LEADER 00584nam a2200181Ia 4500
001 CTU_21767
008 210402s9999 xx 000 0 und d
082 |a 621.33 
082 |b Â121 
100 |a Đinh, Ngọc Ân 
245 0 |a Trang bị điện ô tô máy kéo 
245 0 |c Đinh, Ngọc Ân 
260 |a Hà Nội 
260 |b Đại học và Trung học chuyên nghiệp 
260 |c 1980 
650 |a Agricultural machinery,Elctric power,Farm mechanization,Tractors 
904 |i Minh, 980119 
980 |a Trung tâm Học liệu Trường Đại học Cần Thơ